Wolfsburg players (2010-2020) - Statistics

General Stats
  • This quiz has been taken 8 times
  • The average score is 73 of 127
Answer Stats
Rank Player Positions Nationality Matches Goals (assists) Period % Correct
7 Naldo CB 125 16 (5) 2012-2016
100%
27 Alexander Madlung CB 58 3 (1) 2010-2013
83%
72 Andrea Barzagli CB 17 0 (1) 2010-2011
83%
33 Ashkan Dejagah RW 50 6 (11) 2010-2013
83%
14 Bas Dost ST 85 36 (10) 2012-2017
83%
9 Christian Träsch DM 124 0 (9) 2011-2017
83%
12 Daniel Caligiuri RW 97 12 (13) 2013-2017
83%
16 Diego AM 77 19 (17) 2010-2011, 2012-2014
83%
2 Diego Benaglio GK 189 0 (0) 2010-2017
83%
73 Edin Džeko ST 17 10 (1) 2010-2011
83%
53 Elvis Rexhbecaj CM 28 2 (2) 2017-2019
83%
121 Francisco Rodríguez AM 1 0 (0) 2015-2016
83%
54 Grafite ST 28 9 (3) 2010-2011
83%
20 Ivan Perišić LW 70 18 (12) 2012-2016
83%
15 Ivica Olic ST 78 28 (12) 2012-2015
83%
39 Jeffrey Bruma CB 40 1 (0) 2016-2018, 2019-2020
83%
26 John Brooks CB 63 3 (4) 2017-2020
83%
19 Josip Brekalo LW 72 9 (8) 2016-2020
83%
21 Josué DM 70 0 (1) 2010-2013
83%
5 Josuha Guilavogui DM 149 8 (4) 2014-2020
83%
43 Julian Draxler LW 34 5 (8) 2015-2017
83%
32 Kevin De Bruyne AM 52 13 (27) 2013-2016
83%
11 Luiz Gustavo DM 109 7 (7) 2013-2017
83%
22 Makoto Hasebe DM 70 3 (5) 2010-2014
83%
4 Marcel Schäfer LB 161 7 (21) 2010-2017
83%
35 Mario Gómez ST 45 17 (4) 2016-2018
83%
30 Mario Mandžukić ST 56 20 (12) 2010-2012
83%
1 Maximilian Arnold CM 221 27 (26) 2011-2020
83%
44 Paul Verhaegh RB 33 2 (2) 2017-2019
83%
64 Peter Pekarík RB 23 0 (3) 2010-2011
83%
17 Renato Steffen RW 74 11 (5) 2017-2020
83%
6 Ricardo Rodríguez LB 149 15 (26) 2011-2017
83%
3 Robin Knoche CB 183 12 (5) 2011-2020
83%
58 Thomas Kahlenberg CM 27 1 (1) 2010-2011, 2012-2013
83%
83 Victor Osimhen ST 14 0 (0) 2016-2018
83%
8 Vieirinha RB 125 4 (18) 2011-2017
83%
23 William RB 69 3 (6) 2017-2020
83%
25 Wout Weghorst ST 66 33 (10) 2018-2020
83%
24 Yunus Mallı AM 68 7 (7) 2016-2019
83%
31 Admir Mehmedi CF 52 9 (9) 2017-2020
67%
107 Aleksandr Hleb AM 4 1 (0) 2011-2012
67%
36 André Schürrle LW 43 10 (8) 2014-2016
67%
69 Borja Mayoral ST 19 2 (0) 2016-2017
67%
48 Divock Origi ST 31 6 (2) 2017-2018
67%
45 Ja-cheol Koo CM 32 0 (2) 2010-2012, 2013-2014
67%
41 Jakub Blaszczykowski RW 38 1 (3) 2016-2019
67%
18 Jan Polák DM 73 2 (3) 2010-2014
67%
28 Jérôme Roussillon LB 57 4 (7) 2018-2020
67%
10 Koen Casteels GK 119 0 (0) 2015-2020
67%
93 Marwin Hitz GK 8 0 (0) 2010-2012
67%
46 Max Kruse CF 32 6 (8) 2015-2016
67%
49 Nicklas Bendtner ST 31 3 (0) 2014-2016
67%
51 Patrick Ochs RB 30 0 (4) 2011-2012, 2013-2014
67%
76 Pavao Pervan GK 17 0 (0) 2018-2020
67%
40 Sebastian Jung RB 40 0 (4) 2014-2019
67%
29 Simon Kjaer CB 57 3 (2) 2010-2013
67%
52 Timm Klose CB 30 2 (0) 2013-2016
67%
47 Victor Sá LW 32 2 (2) 2019-2020
67%
65 Xaver Schlager CM 23 1 (2) 2019-2020
67%
13 Yannick Gerhardt CM 92 5 (10) 2016-2020
67%
71 Aaron Hunt AM 17 2 (0) 2014-2016
50%
119 André Lenz GK 1 0 (0) 2010-2011
50%
120 Carlos Ascues CB 1 0 (0) 2015-2016
50%
34 Daniel Didavi AM 48 13 (9) 2016-2018
50%
63 Dante CB 23 1 (0) 2015-2016
50%
92 Emanuel Pogatetz CB 8 0 (0) 2012-2013
50%
100 Fabian Johnson LM 6 0 (0) 2010-2011
50%
59 Fagner RB 26 0 (1) 2012-2013
50%
82 Felipe Lopes CB 14 0 (0) 2011-2013
50%
79 Hasan Salihamidzic RM 15 3 (0) 2011-2012
50%
74 Ignacio Camacho DM 17 0 (0) 2017-2019
50%
75 Junior Malanda DM 17 2 (4) 2013-2015
50%
104 Karim Ziani AM 5 0 (0) 2010-2011
50%
68 Kevin Mbabu RB 20 3 (2) 2019-2020
50%
38 Marcel Tisserand CB 41 2 (2) 2017-2020
50%
62 Marco Russ CB 24 1 (0) 2011-2012
50%
89 Max Grün GK 9 0 (0) 2013-2015
50%
105 Omar Marmoush ST 5 0 (0) 2019-2020
50%
55 Patrick Helmes ST 28 13 (2) 2010-2013
50%
80 Paul-Georges Ntep LW 15 0 (3) 2016-2018
50%
106 Paulo Otávio LB 5 0 (1) 2019-2020
50%
85 Petr Jiracek CM 13 2 (0) 2011-2012
50%
56 Sascha Riether RB 28 2 (3) 2010-2011
50%
86 Sebastian Polter ST 12 2 (0) 2011-2012
50%
57 Slobodan Medojevic DM 28 0 (1) 2012-2014
50%
90 Sotiris Kyrgiakos CB 9 0 (0) 2011-2013
50%
94 Stefan Kutschke ST 8 1 (0) 2013-2014
50%
98 Yohandry Orozco AM 7 0 (1) 2011-2013
50%
127 Zvjezdan Misimovic AM 1 0 (1) 2010-2011
50%
78 Arne Friedrich CB 15 0 (0) 2010-2011
33%
99 Bjarne Thoelke CB 6 0 (0) 2011-2012
33%
81 Bruno Henrique ST 14 0 (1) 2015-2017
33%
91 Chris CB 8 1 (2) 2011-2012
33%
66 Cícero CM 21 1 (2) 2010-2011
33%
37 Daniel Ginczek ST 42 9 (7) 2018-2020
33%
95 Dieumerci Mbokani ST 7 0 (0) 2010-2011
33%
42 Felix Klaus RM 37 1 (3) 2018-2020
33%
50 Felix Uduokhai CB 30 1 (0) 2017-2019
33%
108 Ferhan Hasani AM 4 0 (0) 2012-2013
33%
88 Giovanni Sio ST 10 0 (1) 2011-2012, 2013-2014
33%
123 Hrvoje Cale LB 1 0 (0) 2011-2012
33%
114 Ismail Azzaoui AM 2 0 (0) 2015-2016
33%
84 Jannes Horn LB 13 0 (2) 2016-2017
33%
115 John Yeboah AM 2 0 (0) 2018-2019
33%
124 Kaylen Hinds CF 1 0 (0) 2017-2018
33%
67 Landry Dimata ST 21 0 (1) 2017-2018
33%
125 Luca Horn LM 1 0 (0) 2019-2020
33%
96 Luca Itter CB 7 0 (0) 2017-2019
33%
101 Lukas Nmecha ST 6 0 (0) 2019-2020
33%
87 Marin Pongracic CB 11 2 (0) 2019-2020
33%
117 Michael Schulze RB 2 0 (0) 2011-2012
33%
60 Paul Seguin CM 26 1 (1) 2015-2017
33%
97 Philipp Wollscheid CB 7 0 (0) 2016-2017
33%
77 Rasmus Jönsson ST 17 0 (1) 2011-2013
33%
61 Riechedly Bazoer CB 25 0 (1) 2016-2018
33%
118 Sebastian Schindzielorz DM 2 0 (0) 2011-2012
33%
102 Thomas Hitzlsperger CM 6 0 (0) 2011-2012
33%
103 Tolga Ciğerci DM 6 0 (0) 2010-2011
33%
110 Tuncay Şanlı LW 4 0 (1) 2010-2011
33%
112 Willi Evseev DM 3 0 (2) 2013-2014
33%
122 Hendrik Hansen CB 1 0 (0) 2016-2017
17%
113 Ibrahim Sissoko AM 2 0 (0) 2011-2012
17%
116 Justin Möbius AM 2 0 (0) 2016-2017
17%
109 Leandro Putaro LW, ST 4 0 (0) 2015-2016
17%
126 Mamoudou Karamoko LW 1 0 (0) 2019-2020
17%
111 Paul Jaeckel CB 3 0 (0) 2017-2018
17%
70 Srdjan Lakic ST 18 0 (0) 2011-2013
17%
No matching quizzes found
Score Distribution
Percent of People with Each Score
Percentile by Number Answered
Your Score History
You have not taken this quiz